Programación de sistemas embebidos en C: teoría y prácticas aplicadas a cualquier microcontrolador
Gorde:
| Egile Nagusiak: | , |
|---|---|
| Formatua: | Liburua |
| Hizkuntza: | gaztelania |
| Argitaratua: |
Ciudad de México
Alfaomega
2009
|
| Saila: | Colección 3B, 3
|
| Gaiak: | |
| Etiketak: |
Etiketa erantsi
Etiketarik gabe, Izan zaitez lehena erregistro honi etiketa jartzen!
|
MARC
| LEADER | 00000cam a2200000 a 4500 | ||
|---|---|---|---|
| 001 | UCD6254 | ||
| 003 | CL-VaPUC | ||
| 005 | 20250123155014.0 | ||
| 008 | 161124e20090600mx |||||||||||||||||spa|d | ||
| 999 | |c 366611 |d 366609 | ||
| 020 | |a 9789586827706 | ||
| 040 | |c Pontificia Universidad Católica de Valparaíso | ||
| 082 | 0 | 4 | |a 004.65 GAL 2009 |
| 100 | 0 | |a Galeano, Gustavo |e author |9 590004 | |
| 245 | 1 | 0 | |a Programación de sistemas embebidos en C: teoría y prácticas aplicadas a cualquier microcontrolador |
| 260 | |a Ciudad de México |b Alfaomega |c 2009 | ||
| 300 | |a 524 p | ||
| 490 | 0 | |a Colección 3B, 3 | |
| 583 | |c 20200116 | ||
| 650 | 7 | |a MICROCONTROLADORES |2 CL-VaPUC |9 356861 | |
| 650 | 7 | |a SISTEMAS EMBEBIDOS |2 CL-VaPUC |9 590006 | |
| 650 | 0 | |a Redes de computadores |9 263293 | |
| 650 | 7 | |a COMUNICACIONES POR COMPUTADORES |2 CL-VaPUC |9 590007 | |
| 650 | 0 | |a Sensores |9 306935 | |
| 650 | 7 | |a SISTEMA DE COMUNICACION |2 CL-VaPUC |9 497243 | |
| 650 | 0 | |a Dispositivos electrónicos |9 355274 | |
| 700 | 0 | |a Camargo L., Julián |e author |9 590005 | |
| 942 | |c BK |2 ddc | ||
| 945 | |d 20161124 22:47:00 |a arojas | ||
| 952 | |0 0 |1 0 |3 erb |4 0 |6 004_650000000000000_GAL_2009 |7 0 |8 A |9 480998 |a BIBING |b BIBING |i 5351871 |o 004.65 GAL 2009 |p 5351871 |r 2024-01-25 |t 1 |w 2019-11-24 |y BK |z Catalogado en:20161124 |k CCI | ||
| 952 | |0 0 |1 0 |3 erb |4 0 |6 004_650000000000000_GAL_2009 |7 0 |8 A |9 480999 |a BIBING |b BIBING |i 535188K |o 004.65 GAL 2009 |p 535188K |r 2024-01-25 |t 2 |w 2019-11-24 |y BK |z Catalogado en:20161124 |k CCI | ||
| 952 | |0 0 |1 0 |3 erb |4 0 |6 004_650000000000000_GAL_2009 |7 0 |8 A |9 481000 |a BIBING |b BIBING |i 5351898 |o 004.65 GAL 2009 |p 5351898 |r 2024-01-25 |t 3 |w 2019-11-24 |y BK |z Catalogado en:20161124 |k CCI | ||
| 952 | |0 0 |1 0 |3 erb |4 0 |6 004_650000000000000_GAL_2009 |7 0 |8 A |9 481001 |a BIBING |b BIBING |i 5351901 |o 004.65 GAL 2009 |p 5351901 |r 2024-01-25 |t 4 |w 2019-11-24 |y BK |z Catalogado en:20161124 |k CCI | ||
| 952 | |0 0 |1 0 |3 erb |4 0 |6 004_650000000000000_GAL_2009 |7 0 |8 A |9 481002 |a BIBING |b BIBING |i 535191K |o 004.65 GAL 2009 |p 535191K |r 2024-01-25 |t 5 |w 2019-11-24 |y BK |z Catalogado en:20161124 |k CCI | ||
| 952 | |0 0 |1 0 |2 ddc |4 0 |6 004_650000000000000_GAL_2009 |7 0 |9 495902 |a BIBING |b BIBING |c GEN |d 2020-01-09 |e 82 |g 26940.00 |i 5572061 |o 004.65 GAL 2009 |p 5572061 |r 2024-01-25 |t 7 |v 26940.00 |w 2020-01-09 |y BK |k EIE | ||
| 952 | |0 0 |1 0 |2 ddc |4 0 |6 004_650000000000000_GAL_2009 |7 0 |9 495903 |a BIBING |b BIBING |c GEN |d 2020-01-09 |e 82 |g 26940.00 |i 5572053 |o 004.65 GAL 2009 |p 5572053 |r 2024-01-25 |t 6 |v 26940.00 |w 2020-01-09 |y BK |k EIE | ||
| 952 | |0 0 |1 0 |2 ddc |4 0 |6 004_650000000000000_GAL_2009 |7 0 |8 A |9 561701 |a BIBING |b BIBING |c GEN |d 2020-03-20 |e 82 |g 26942.00 |i 557448K |o 004.65 GAL 2009 |p 557448K |r 2024-01-25 |t 8 |v 26942.00 |w 2020-03-20 |y BK |k EIE | ||